Election Law in a nutshell / (Record no. 11735)
[ view plain ]
| 000 -LEADER | |
|---|---|
| fixed length control field | 00911nam a22002532 4500 |
| 001 - CONTROL NUMBER | |
| control field | 0000025474 |
| 005 - DATE AND TIME OF LATEST TRANSACTION | |
| control field | 20151217154549.0 |
| 008 - FIXED-LENGTH DATA ELEMENTS--GENERAL INFORMATION | |
| fixed length control field | 150930s xx 000 0 eng d |
| 020 ## - INTERNATIONAL STANDARD BOOK NUMBER | |
| International Standard Book Number | 0314268471 : |
| 040 ## - CATALOGING SOURCE | |
| Original cataloging agency | KABU |
| Transcribing agency | KABU |
| 100 1# - MAIN ENTRY--PERSONAL NAME | |
| Personal name | Tokaji, Daniel P. |
| -- | 0000186129 |
| 245 10 - TITLE STATEMENT | |
| Title | Election Law in a nutshell / |
| Statement of responsibility, etc. | by Daniel P. Tokaji. |
| 260 ## - PUBLICATION, DISTRIBUTION, ETC. (IMPRINT) | |
| Place of publication, distribution, etc. | USA : |
| Name of publisher, distributor, etc. | WEST, |
| Date of publication, distribution, etc. | 2013. |
| 300 ## - PHYSICAL DESCRIPTION | |
| Extent | xxi, 350 p. |
| 650 #0 - SUBJECT ADDED ENTRY--TOPICAL TERM | |
| Topical term or geographic name as entry element | Election law |
| General subdivision | United States. |
| -- | 0000186075 |
| 852 1# - LOCATION | |
| -- | P8500KES |
| 852 1# - LOCATION | |
| -- | P8500KES |
| 852 1# - LOCATION | |
| -- | P8500KES |
| 852 1# - LOCATION | |
| -- | P8500KES |
| 852 1# - LOCATION | |
| -- | P8500KES |
| 852 1# - LOCATION | |
| -- | P8500KES |
| 908 ## - PUT COMMAND PARAMETER (RLIN) | |
| Put command parameter | 150930 |
| 950 ## - LOCAL HOLDINGS (RLIN) | |
| -- | 1 |
| Withdrawn status | Lost status | Source of classification or shelving scheme | Not for loan | Home library | Current library | Date acquired | Total Checkouts | Total Renewals | Full call number | Barcode | Date last seen | Date last checked out | Price effective from | Koha item type | Checked out |
|---|---|---|---|---|---|---|---|---|---|---|---|---|---|---|---|
| Library of Congress Classification | Kabarak, Main Campus | Kabarak, Main Campus | 17/12/2015 | 23 | 3 | KF4886 .T65 2013 C.1 | 020362 | 27/11/2025 | 22/11/2025 | 17/12/2015 | General Collection | ||||
| Library of Congress Classification | Kabarak, Main Campus | Kabarak, Main Campus | 17/12/2015 | 3 | 1 | KF4886 .T65 2013 C.2 | 020371 | 11/06/2016 | 11/06/2016 | 17/12/2015 | General Collection | ||||
| Library of Congress Classification | Kabarak, Main Campus | Kabarak, Main Campus | 17/12/2015 | 11 | 2 | KF4886 .T65 2013 C.6 | 021413 | 11/10/2019 | 09/10/2019 | 17/12/2015 | General Collection | ||||
| Library of Congress Classification | Kabarak, Main Campus | Kabarak, Main Campus | 17/12/2015 | 24 | 3 | KF4886 .T65 2013 C.7 | 021414 | 15/11/2024 | 05/11/2024 | 17/12/2015 | General Collection | ||||
| Library of Congress Classification | Kabarak, Main Campus | Kabarak, Main Campus | 17/12/2015 | 21 | 3 | KF4886 .T65 2013 C.4 | 021411 | 05/02/2024 | 17/01/2024 | 17/12/2015 | General Collection | ||||
| Library of Congress Classification | Kabarak, Main Campus | Kabarak, Main Campus | 17/12/2015 | 20 | 3 | KF4886 .T65 2013 C.5 | 021412 | 15/06/2026 | 15/06/2026 | 17/12/2015 | General Collection | 01/07/2026 | |||
| Library of Congress Classification | Kabarak, Main Campus | Kabarak, Main Campus | 17/12/2015 | 2 | 1 | KF4886 .T65 2013 C.3 | 020358 | 13/07/2016 | 03/03/2016 | 17/12/2015 | General Collection |